Etnología de América (Record no. 10389)

MARC details
000 -CABECERA
campo de control de longitud fija 00752nam a2200253 a 4500
001 - NÚMERO DE CONTROL
campo de control BRL_1580
005 - FECHA Y HORA DE LA ÚLTIMA TRANSACCIÓN
campo de control 20190320211255.0
008 - DATOS DE LONGITUD FIJA--INFORMACIÓN GENERAL
campo de control de longitud fija 190314s1946----mx-ao#####---#000-0#spa-#
041 ## - CÓDIGO DE LENGUA
Código de lengua del texto/banda sonora o título independiente spa
044 ## - CÓDIGO DEL PAÍS DE LA ENTIDAD EDITORA/PRODUCTORA
Código MARC del país mx
050 #4 - SIGNATURA TOPOGRÁFICA DE LA BIBLIOTECA DEL CONGRESO
Número de clasificación E58
Número de documento/Ítem .K75 1946
100 1# - ENTRADA PRINCIPAL--NOMBRE DE PERSONA
Nombre de persona Krickeberg, Walter
9 (RLIN) 23510
245 10 - MENCIÓN DE TÍTULO
Título Etnología de América
Mención de responsabilidad, etc. Walter Krickeberg ; versión española de Pedro Hendrich.
260 ## - PUBLICACIÓN, DISTRIBUCIÓN, ETC.
Lugar de publicación, distribución, etc. México
Nombre del editor, distribuidor, etc. Fondo de Cultura Económica
Fecha de publicación, distribución, etc. 1946
300 ## - DESCRIPCIÓN FÍSICA
Extensión 498 p.
Otras características físicas il.
Dimensiones 24 cm.
440 #0 - MENCIÓN DE SERIE/PUNTO DE ACCESO ADICIONAL--TÍTULO
Título Sección de obras de antropología
9 (RLIN) 27349
500 ## - NOTA GENERAL
Nota general Au2083
500 ## - NOTA GENERAL
Nota general Incluye índice analítico
650 14 - PUNTO DE ACCESO ADICIONAL DE MATERIA--TÉRMINO DE MATERIA
Término de materia o nombre geográfico como elemento de entrada Indígenas
9 (RLIN) 23296
650 14 - PUNTO DE ACCESO ADICIONAL DE MATERIA--TÉRMINO DE MATERIA
Término de materia o nombre geográfico como elemento de entrada Etnología
Subdivisión geográfica América
9 (RLIN) 23841
700 1# - PUNTO DE ACCESO ADICIONAL--NOMBRE DE PERSONA
Nombre de persona Hendrich, Pedro
Término indicativo de función/relación tr.
9 (RLIN) 27350
902 ## - CATALOGADOR
Iniciales GRL
942 ## - ELEMENTOS DE PUNTO DE ACCESO ADICIONAL (KOHA)
Fuente del sistema de clasificación o colocación Library of Congress Classification
Tipo de ítem Koha Libros
Holdings
Estado de retiro Estado de pérdida Estado dañado No para préstamo Localización permanente Ubicación/localización actual Fecha de adquisición Número de inventario Total de préstamos Signatura topográfica completa Código de barras Fecha visto por última vez Precio válido a partir de Tipo de ítem Koha
El ejemplar forma parte de la colección y puede ser consultado según las políticas vigentes.       Biblioteca Centro de Estudios Ruth D. Lechuga Biblioteca Centro de Estudios Ruth D. Lechuga 19/03/2014 Au2083   E58 .K75 1946 (Au2083) GRL01740 22/03/2019 22/03/2019 Libros